Relaciones entre la Santa Sede e hispanoamérica

Збережено в:
Бібліографічні деталі
Автор: Leturia, Pedro de (Автор)
Формат: Книга
Мова:Іспанська
Опубліковано: Caracas Sociedad Boliviariana de de Venezuela 1959
Редагування:1a. ed
Серія:1959
Предмети:
Теги: Додати тег
Немає тегів, Будьте першим, хто поставить тег для цього запису!

MARC

LEADER 00000cam a2200000 a 4500
001 UCE7184
003 CL-VaPUC
008 150529e19590000ve |||||||||||||||||spa|d
082 0 4 |a 262  |b LET  |2 21 
100 |a Leturia, Pedro de  |e author  |9 579878 
245 1 0 |a Relaciones entre la Santa Sede e hispanoamérica 
250 |a 1a. ed 
300 |a 413 p 
942 |c BK 
945 |d 20150529 15:00:00  |a gsalatino 
260 |a Caracas  |b Sociedad Boliviariana de de Venezuela  |c 1959 
500 |a V.2 Época de Bolívar : 1800-1835 
500 |a V.3 Apendices, documentos, indices. 
600 0 7 |a SANTA SEDE  |2 CL-VaPUC  |9 256113 
650 0 |a Iglesias  |9 352850 
651 0 |a América Latina   |9 255027 
583 |a last modification  |c 20150529 15:00:00  |k Rodrigo Vera 
490 0 |a 1959 
999 |c 359306  |d 359304 
952 |0 0  |1 0  |3 erb  |4 0  |6 262_000000000000000_LET_1959  |7 0  |8 P  |9 468456  |a BIBTEO  |b BIBTES  |c TEO_FTES  |e Rehbein Pesce, Antonio, -2014  |h v.2  |i 5180074  |o 262 LET 1959  |p 5180074  |r 2024-01-18  |w 2019-11-23  |y BK  |z Catalogado en:20150529  |k ICR 
952 |0 0  |1 0  |3 erb  |4 0  |6 262_000000000000000_LET_1959  |7 0  |8 P  |9 468457  |a BIBTEO  |b BIBTES  |c TEO_FTES  |e Rehbein Pesce, Antonio, -2014  |h v.3  |i 5180082  |o 262 LET 1959  |p 5180082  |r 2024-01-18  |w 2019-11-23  |y BK  |z Catalogado en:20150529  |k ICR